[Event "?"]
[Site "ICC 2 10 08/30/97, Internet C"]
[Date "1997.??.??"]
[Round "?"]
[White "Brause"]
[Black "brit"]
[Result "1-0"]
[WhiteElo "2625"]
[BlackElo "2090"]
[PlyCount "67"]

1. e4 e5 2. Nf3 Nc6 3. Nc3 Nf6 4. Nxe5 Nxe5 5. d4 Ng6 6. e5 Ng8 7. Bc4 Bb4 8.
Qf3 f5 9. h4 d5 10. Bb3 Be6 11. Bg5 N8e7 12. h5 Nf8 13. O-O-O Bxc3 14. Qxc3 c6
15. h6 g6 16. Kb1 Qc7 17. Bf6 Rg8 18. Rh4 O-O-O 19. Qc5 Rd7 20. Qxa7 b6 21.
Qa8+ Qb8 22. Qa6+ Qb7 23. Qa4 Kb8 24. Qb4 Nc8 25. c3 Qa6 26. Re1 Ra7 27. Bg5
Nd7 28. Rd1 Qa5 29. Qxa5 Rxa5 30. Bc2 Re8 31. Rh3 Kb7 32. Re3 Na7 33. Re2 Nb5
34. Bb3 1-0

[Event "?"]
[Site "ICC 2 10 08/30/97, Internet C"]
[Date "1997.??.??"]
[Round "?"]
[White "Brause"]
[Black "brit"]
[Result "0-1"]
[WhiteElo "2625"]
[BlackElo "2090"]
[PlyCount "74"]

1. e4 e5 2. Nf3 Nc6 3. Nc3 Nf6 4. Nxe5 Nxe5 5. d4 Ng6 6. e5 Ng8 7. Bc4 Bb4 8.
Qf3 f5 9. h4 d5 10. Qxd5 Qxd5 11. Bxd5 c6 12. Bxg8 Rxg8 13. a3 Bxc3+ 14. bxc3
Be6 15. Bg5 Bd5 16. Rh2 Nf8 17. O-O-O Kd7 18. Kb1 Ke6 19. h5 Nd7 20. h6 g6 21.
g3 b5 22. Bf4 Nb6 23. Bc1 Nc4 24. Rf1 a5 25. Rd1 Rgb8 26. Rh3 b4 27. Re1 bxc3+
28. Ka1 Rb5 29. g4 Rab8 30. gxf5+ gxf5 31. Bb2 cxb2+ 32. Ka2 Nd2+ 33. Rb3 Rxb3
34. cxb3 Rxb3 35. a4 Rb4+ 36. Ka3 b1=N+ 37. Rxb1 Nxb1# 0-1

[Event "?"]
[Site "ICC 2 10 08/30/97, Internet C"]
[Date "1997.??.??"]
[Round "?"]
[White "Brause"]
[Black "Cairo"]
[Result "1/2-1/2"]
[WhiteElo "2555"]
[BlackElo "2375"]
[PlyCount "235"]

1. e4 e5 2. Nf3 Nc6 3. Nc3 Nf6 4. Nxe5 Nxe5 5. d4 Ng6 6. e5 Ng8 7. Bc4 d6 8.
Qf3 f6 9. O-O dxe5 10. dxe5 Nxe5 11. Qe4 Ne7 12. Rd1 Bd7 13. Be6 Qc8 14. Rxd7
Nxd7 15. Be3 Nc6 16. Rd1 Bd6 17. Nb5 Kd8 18. Rxd6 cxd6 19. Nxd6 Qb8 20. Nf7+
Kc7 21. Bxd7 Re8 22. Be6 Rxe6 23. Qxe6 Qe8 24. Qd6+ Kc8 25. Qd5 Qd7 26. Nd6+
Kc7 27. Nb5+ Kc8 28. Qg8+ Qd8 29. Qe6+ Qd7 30. Nd6+ Kc7 31. Qxd7+ Kxd7 32. Nxb7
Nb4 33. Nc5+ Kd6 34. c3 Nxa2 35. f3 Kd5 36. Kf2 Rb8 37. Nd3 Kc4 38. Ke2 a5 39.
f4 a4 40. Bd4 Rb3 41. f5 a3 42. bxa3 Nxc3+ 43. Bxc3 Rxc3 44. Nf4 Rxa3 45. Kf2
Kd4 46. Ne6+ Ke4 47. Nxg7 Ra2+ 48. Kg3 Ra7 49. Ne6 Kxf5 50. Nd4+ Ke4 51. Nb5
Rd7 52. Nc3+ Ke3 53. h3 Rd3 54. Nb5 Ke2+ 55. Kf4 Kf2 56. Ke4 Rg3 57. Nd6 Kxg2
58. h4 Rg4+ 59. Kf5 Rxh4 60. Ne8 Kg3 61. Kxf6 Rf4+ 62. Kg5 Rg4+ 63. Kh6 Rh4+
64. Kg5 Rg4+ 65. Kh6 Rh4+ 66. Kg5 h5 67. Nf6 Rg4+ 68. Kxh5 Rc4 69. Kg5 Rc5+ 70.
Kg6 Kf4 71. Nh5+ Ke5 72. Kg5 Rc7 73. Kg4 Rf7 74. Ng3 Rf4+ 75. Kg5 Rd4 76. Nf5
Rd8 77. Nh6 Ke4 78. Nf7 Rd1 79. Kf6 Kd5 80. Ng5 Rf1+ 81. Ke7 Rf2 82. Nf7 Re2+
83. Kf6 Rc2 84. Ng5 Rf2+ 85. Ke7 Rf1 86. Nh7 Ke5 87. Ng5 Ra1 88. Nf7+ Kd5 89.
Kf6 Rf1+ 90. Ke7 Rf5 91. Nh6 Rf4 92. Nf7 Rf3 93. Ng5 Rf5 94. Nh7 Ke5 95. Nf8
Rf1 96. Nd7+ Kf5 97. Kd6 Rd1+ 98. Kc6 Ke6 99. Nc5+ Kf6 100. Nd7+ Ke6 101. Nc5+
Kf6 102. Nd7+ Kf5 103. Nb6 Ke6 104. Kc5 Rd3 105. Nc4 Rd5+ 106. Kc6 Rf5 107. Nd6
Ra5 108. Nc4 Rd5 109. Nb6 Re5 110. Nc4 Rg5 111. Nd6 Rg1 112. Kc5 Rd1 113. Nc4
Rd3 114. Nb6 Rd6 115. Nc4 Rd7 116. Na5 Rd5+ 117. Kb6 Rxa5 118. Kxa5 1/2-1/2

[Event "?"]
[Site "ICC 2 19 10/10/97, Internet C"]
[Date "1997.??.??"]
[Round "?"]
[White "Brause"]
[Black "oldtimer"]
[Result "0-1"]
[WhiteElo "2525"]
[BlackElo "2435"]
[PlyCount "121"]

1. e4 e5 2. Nf3 Nc6 3. Nc3 Nf6 4. Nxe5 Nxe5 5. d4 Ng6 6. e5 Ng8 7. Bc4 d6 8.
Qf3 Qd7 9. O-O Qf5 10. Qe2 dxe5 11. f4 e4 12. Nxe4 N6e7 13. Ng3 Qd7 14. c3 f5
15. Re1 Nh6 16. Bd2 Qd6 17. Qh5+ Qg6 18. Qxg6+ hxg6 19. b3 Bd7 20. Re2 O-O-O
21. Rae1 Neg8 22. Re5 Bd6 23. Ra5 Kb8 24. b4 Ne7 25. b5 Rhe8 26. Ne2 Nc8 27.
Bd3 c5 28. bxc6 Bxc6 29. h3 b6 30. Ra6 Bf8 31. Kh2 Nd6 32. Nc1 Rxe1 33. Bxe1
Bb5 34. Bxb5 Nxb5 35. Nd3 Nf7 36. Ne5 Nxe5 37. fxe5 Be7 38. Ra4 Nc7 39. Rc4 Kb7
40. a4 a6 41. Bf2 b5 42. axb5 axb5 43. Rxc7+ Kxc7 44. Kg3 g5 45. Kf3 Kc6 46.
Ke3 Kd5 47. Kd3 Ra8 48. Be1 Ra1 49. Ke2 Ke4 50. Bf2 Ra2+ 51. Kf1 Rc2 52. Be1 f4
53. e6 Kd5 54. h4 g4 55. g3 f3 56. Kg1 Kxe6 57. Kf1 Kd5 58. h5 Bg5 59. h6 gxh6
60. c4+ bxc4 61. Bb4 0-1

[Event "?"]
[Site "ICC 2 19 10/10/97, Internet C"]
[Date "1997.??.??"]
[Round "?"]
[White "Brause"]
[Black "oldtimer"]
[Result "1-0"]
[WhiteElo "2505"]
[BlackElo "2455"]
[PlyCount "69"]

1. e4 e5 2. Nf3 Nc6 3. Nc3 Nf6 4. Nxe5 Nxe5 5. d4 Ng6 6. e5 Ng8 7. Bc4 d6 8.
Qf3 Qd7 9. O-O Qf5 10. Qe2 dxe5 11. f4 e4 12. Nxe4 N6e7 13. c3 Bd7 14. Bd2
O-O-O 15. Ng5 Nh6 16. Bd3 Qg4 17. Qxg4 Nxg4 18. Nxf7 Rg8 19. Bxh7 Re8 20. Rfe1
Nf6 21. Bxg8 Nexg8 22. Rxe8+ Bxe8 23. Ng5 g6 24. Re1 Kd7 25. Kf2 Nh6 26. Nf3
Nf7 27. Ne5+ Nxe5 28. fxe5 Ng8 29. c4 c6 30. d5 cxd5 31. cxd5 Bc5+ 32. Be3 Bb4
33. Rd1 b6 34. Rd4 Bf8 35. Ra4 1-0

[Event "?"]
[Site "ICC 2 19 10/10/97, Internet C"]
[Date "1997.??.??"]
[Round "?"]
[White "Brause"]
[Black "oldtimer"]
[Result "1-0"]
[WhiteElo "2520"]
[BlackElo "2440"]
[PlyCount "87"]

1. e4 e5 2. Nf3 Nc6 3. Nc3 Nf6 4. Nxe5 Nxe5 5. d4 Ng6 6. e5 Ng8 7. Bc4 d6 8.
Qf3 Qd7 9. O-O Qf5 10. Qe2 dxe5 11. f4 e4 12. Nxe4 N6e7 13. c3 Bd7 14. Ng5 Nh6
15. Rf3 O-O-O 16. Bd3 Qa5 17. Qe5 Qb6 18. Nxh7 Rxh7 19. Bxh7 g6 20. a4 Nef5 21.
Qe2 Bg7 22. a5 Qb5 23. Rf2 Qxe2 24. Rxe2 Rh8 25. Bxg6 fxg6 26. a6 b6 27. h3 Ng3
28. Re1 Nhf5 29. d5 b5 30. Bd2 Nd6 31. Be3 Kb8 32. Bxa7+ Kxa7 33. Re7 Bf6 34.
Rxd7 Kb6 35. Kh2 Nge4 36. a7 Ra8 37. Rh7 g5 38. fxg5 Nxg5 39. Rh6 Be5+ 40. Kg1
Bf4 41. Rf6 Be3+ 42. Kh2 Nge4 43. Rf3 Bh6 44. g4 1-0

[Event "?"]
[Site "ICC 2 12 10/17/97, Internet C"]
[Date "1997.??.??"]
[Round "?"]
[White "Brause"]
[Black "sekere"]
[Result "1-0"]
[WhiteElo "2530"]
[BlackElo "1950"]
[PlyCount "22"]

1. e4 e5 2. Nf3 Nc6 3. Nc3 Nf6 4. Nxe5 Nxe5 5. d4 Nc6 6. d5 Nb8 7. e5 Ng8 8. d6
c6 9. Bc4 Qa5 10. Qh5 g6 11. Bxf7+ Kxf7 1-0

[Event "?"]
[Site "ICC 2 12 10/17/97, Internet C"]
[Date "1997.??.??"]
[Round "?"]
[White "Brause"]
[Black "sekere"]
[Result "1-0"]
[WhiteElo "2530"]
[BlackElo "1945"]
[PlyCount "119"]

1. e4 e5 2. Nf3 Nc6 3. Nc3 Nf6 4. Nxe5 Nxe5 5. d4 Ng6 6. e5 Ng8 7. Bc4 Bb4 8.
Qf3 Bxc3+ 9. bxc3 Qe7 10. O-O Nh6 11. Re1 O-O 12. Bd3 d5 13. Bxh6 gxh6 14. Qxd5
c6 15. Qe4 Be6 16. c4 Rad8 17. f4 Qd7 18. f5 Bxf5 19. Qxf5 Qxd4+ 20. Kf1 Rde8
21. Rab1 b6 22. Re4 Qc5 23. Qh3 Re7 24. Qxh6 Rxe5 25. Rxe5 Qxe5 26. a4 Re8 27.
Qh3 Qf4+ 28. Kg1 Qd4+ 29. Kh1 Qf2 30. g3 Re1+ 31. Rxe1 Qxe1+ 32. Kg2 Qd2+ 33.
Kg1 Qe1+ 34. Qf1 Qxf1+ 35. Kxf1 Kg7 36. c5 bxc5 37. g4 Kf6 38. Kf2 Ke5 39. Ke3
h6 40. Bc4 f6 41. a5 Nf4 42. Bf7 Nd5+ 43. Kd3 Kf4 44. Be6 Ne3 45. h3 Kf3 46.
Bd7 c4+ 47. Kd4 Nxc2+ 48. Kxc4 Ne3+ 49. Kc5 Kg3 50. a6 Nd5 51. Kxc6 Nb6 52. Bf5
Na4 53. Kb7 Nc5+ 54. Kxa7 Kh4 55. Kb6 Nxa6 56. Kxa6 h5 57. Kb6 Kg5 58. Kc5 Kh6
59. Kd5 Kg7 60. Ke6 1-0

[Event "?"]
[Site "ICC 2 12 10/17/97, Internet C"]
[Date "1997.??.??"]
[Round "?"]
[White "Brause"]
[Black "ArmOfGod"]
[Result "0-1"]
[WhiteElo "2555"]
[BlackElo "2365"]
[PlyCount "172"]

1. e4 e5 2. Nf3 Nc6 3. Nc3 Nf6 4. Nxe5 Nxe5 5. d4 Ng6 6. e5 Ng8 7. Bc4 Bb4 8.
Qf3 Bxc3+ 9. bxc3 Qe7 10. O-O Rb8 11. Re1 b6 12. Qg3 h6 13. h4 Kf8 14. h5 Nh4
15. Qf4 g5 16. hxg6 Nxg6 17. Qe3 Bb7 18. a4 Qh4 19. a5 Qg4 20. f3 Qg3 21. Qf2
Qxf2+ 22. Kxf2 Ra8 23. a6 Bc8 24. Ba3+ Kg7 25. Bd3 f6 26. Bb4 fxe5 27. dxe5
N8e7 28. c4 Re8 29. Bc3 Nf4 30. Be4 Rb8 31. e6+ Kg8 32. exd7 Bxd7 33. Bd2 Neg6
34. g3 Nh3+ 35. Kg2 Ne5 36. Bxh6 Nf7 37. Rad1 Rbd8 38. Bd5 Rxe1 39. Rxe1 Kh7
40. Bc1 Nfg5 41. Bxg5 Nxg5 42. f4 c6 43. fxg5 cxd5 44. cxd5 Kg6 45. c4 Bc8 46.
Ra1 Kxg5 47. Kf3 Re8 48. Ra2 Kf5 49. c5 bxc5 50. Rc2 Bxa6 51. Rxc5 Bb7 52. Kf2
a6 53. d6+ Ke6 54. Rc7 Bc8 55. Rc6 Kd5 56. Rb6 Kc5 57. Rb2 Kxd6 58. Rd2+ Kc5
59. Rc2+ Kd4 60. Rd2+ Kc3 61. Ra2 Bb7 62. g4 Re6 63. g5 Be4 64. Kg3 Bd3 65. Kf4
Re4+ 66. Kf3 Re5 67. Kf4 Rf5+ 68. Kg4 Rf1 69. Ra4 Kd2 70. Ra5 Ke3 71. Ra3 Rb1
72. Ra4 Rb2 73. Ra3 Ke4 74. Kg3 Rb1 75. Kf2 Rf1+ 76. Kg2 Rf5 77. Kg3 Rxg5+ 78.
Kf2 Rf5+ 79. Kg3 a5 80. Ra1 Ke3 81. Re1+ Be2 82. Ra1 Rg5+ 83. Kh4 Rg4+ 84. Kh3
a4 85. Ra2 Kf3 86. Ra1 Kf2 0-1

[Event "?"]
[Site "ICC 2 12 10/17/97, Internet C"]
[Date "1997.??.??"]
[Round "?"]
[White "Brause"]
[Black "KillerGrob"]
[Result "1-0"]
[WhiteElo "2535"]
[BlackElo "2660"]
[PlyCount "63"]

1. e4 e5 2. Nf3 Nc6 3. Nc3 Nf6 4. Nxe5 Nxe5 5. d4 Nc6 6. d5 Ne5 7. f4 Ng6 8. e5
Ng8 9. d6 cxd6 10. exd6 Qh4+ 11. g3 Qf6 12. Nb5 Kd8 13. Be3 Qxb2 14. Bd4 Qb4+
15. c3 Qa5 16. f5 Ne5 17. Bxe5 f6 18. Bd4 Nh6 19. Qh5 Bxd6 20. Nxd6 Qd5 21.
Bxf6+ gxf6 22. Rd1 Qe5+ 23. Be2 Qxc3+ 24. Kf1 Qe3 25. Qxh6 Qxh6 26. Nf7+ Ke8
27. Nxh6 Rb8 28. Bh5+ Kf8 29. Kf2 Kg7 30. Nf7 Rf8 31. Nd6 Kh6 32. Be8 1-0

[Event "?"]
[Site "ICC 2 12 10/17/97, Internet C"]
[Date "1997.??.??"]
[Round "?"]
[White "Brause"]
[Black "DrTarrasch"]
[Result "1-0"]
[WhiteElo "2655"]
[BlackElo "2180"]
[PlyCount "57"]

1. e4 e5 2. Nf3 Nc6 3. Nc3 Nf6 4. Nxe5 Nxe5 5. d4 Ng6 6. e5 Ng8 7. Bc4 Bb4 8.
Qf3 Qe7 9. O-O Bxc3 10. bxc3 Nh6 11. Re1 O-O 12. Bd3 d6 13. Bxh6 gxh6 14. exd6
Qxd6 15. Qe3 Be6 16. Qxh6 c6 17. Qg5 Qf4 18. Qc5 Nh4 19. Re4 Qf6 20. Rb1 Bd5
21. Rg4+ Kh8 22. Qa3 Nxg2 23. c4 Bf3 24. Rg3 Nh4 25. Rxb7 Rfe8 26. Rxa7 Re1+
27. Bf1 Rae8 28. Ra8 Qe6 29. Qf8+ 1-0

[Event "?"]
[Site "ICC 2 12 10/17/97, Internet C"]
[Date "1997.??.??"]
[Round "?"]
[White "Brause"]
[Black "DrTarrasch"]
[Result "1-0"]
[WhiteElo "2655"]
[BlackElo "2200"]
[PlyCount "21"]

1. e4 e5 2. Nf3 Nc6 3. Nc3 Nf6 4. Nxe5 Nxe5 5. d4 Ng6 6. e5 Ng8 7. Bc4 Bb4 8.
Qf3 Qe7 9. O-O Nh6 10. Nd5 Qf8 11. Nxc7+ 1-0

[Event "?"]
[Site "ICC 2 12 10/17/97, Internet C"]
[Date "1997.??.??"]
[Round "?"]
[White "Brause"]
[Black "DrTarrasch"]
[Result "1/2-1/2"]
[WhiteElo "2660"]
[BlackElo "2200"]
[PlyCount "248"]

1. e4 e5 2. Nf3 Nc6 3. Nc3 Nf6 4. Nxe5 Nxe5 5. d4 Ng6 6. e5 Ng8 7. Bc4 Bb4 8.
Qf3 Qe7 9. O-O Bxc3 10. bxc3 Nh6 11. Re1 O-O 12. Bxh6 gxh6 13. Rab1 d6 14. exd6
Qxd6 15. Re3 c6 16. Qh5 Kg7 17. Rbe1 b5 18. Bb3 a5 19. a4 bxa4 20. Bxa4 Be6 21.
Rd1 Bd5 22. Rg3 Rfe8 23. Ra1 Re4 24. f3 Re3 25. Rg4 Qe6 26. h3 Re8 27. Kh2 Re2
28. Rg3 Qf6 29. Bb3 Bxb3 30. cxb3 Rb2 31. Rxa5 Ree2 32. Qg4 h5 33. Rxh5 Re1 34.
f4 Rbb1 35. Rf3 Qe6 36. Qxe6 fxe6 37. b4 Ne7 38. Rg5+ Kf6 39. Re5 Rh1+ 40. Kg3
Nf5+ 41. Kf2 h5 42. Ke2 Rbd1 43. b5 cxb5 44. g4 hxg4 45. hxg4 Nh4 46. Rfe3
Rhe1+ 47. Kf2 Rf1+ 48. Kg3 Ng6 49. Rxe6+ Kf7 50. Rb6 Nxf4 51. Rxb5 Ng6 52. Rb7+
Kf6 53. Rb6+ Kg5 54. Rb5+ Kf6 55. g5+ Kf7 56. Rb7+ Kg8 57. Re8+ Nf8 58. Ree7
Rg1+ 59. Kf3 Rxg5 60. Rbc7 Rgg1 61. Re3 Ng6 62. Re8+ Nf8 63. Ree7 Rgf1+ 64. Ke4
Rfe1+ 65. Kd5 Rg1 66. Kc4 Rc1 67. Kb5 Rg5+ 68. Kb4 Rg6 69. d5 Rb6+ 70. Kc5 Rb3
71. Kd4 Rd1+ 72. Kc4 Ra3 73. Kb4 Rxc3 74. Kxc3 Rxd5 75. Rg7+ Kh8 76. Rge7 Rd6
77. Kc4 Rd1 78. Ra7 Rd2 79. Rab7 Rd1 80. Rf7 Kg8 81. Rg7+ Kh8 82. Rge7 Rd2 83.
Rf7 Kg8 84. Rg7+ Kh8 85. Rbe7 Rd1 86. Rgf7 Kg8 87. Ra7 Rd2 88. Rg7+ Kh8 89.
Rge7 Rd1 90. Kc3 Rd6 91. Rab7 Rd1 92. Kc2 Rd6 93. Kb3 Rd1 94. Rbc7 Rd6 95. Kc3
Rd1 96. Rb7 Rd6 97. Kb4 Rd1 98. Ra7 Rd6 99. Rf7 Kg8 100. Kc5 Rd1 101. Rfe7 Rd2
102. Rab7 Rd1 103. Rg7+ Kh8 104. Rgf7 Kg8 105. Kb4 Rd2 106. Kc3 Rd1 107. Rg7+
Kh8 108. Kc2 Rd6 109. Rgf7 Kg8 110. Ra7 Rd5 111. Rg7+ Kh8 112. Rge7 Rd6 113.
Rf7 Kg8 114. Kc3 Rd1 115. Rg7+ Kh8 116. Rgb7 Kg8 117. Kc2 Rd6 118. Rg7+ Kh8
119. Rgc7 Kg8 120. Kc3 Rd1 121. Kb3 Rd6 122. Kc4 Rd1 123. Kc3 Rd6 124. Rc8 Rd1
1/2-1/2

[Event "?"]
[Site "ICC 2 12 10/17/97, Internet C"]
[Date "1997.??.??"]
[Round "?"]
[White "Brause"]
[Black "Dognus"]
[Result "1-0"]
[WhiteElo "2645"]
[BlackElo "2195"]
[PlyCount "77"]

1. e4 e5 2. Nf3 Nf6 3. Nc3 Nc6 4. Nxe5 Nxe5 5. d4 Ng6 6. e5 Ng8 7. Bc4 d6 8.
Qf3 Qd7 9. O-O dxe5 10. dxe5 Nxe5 11. Re1 Bd6 12. Bf4 f6 13. Bb5 c6 14. Rad1
Qe6 15. Qg3 Kf8 16. Bxe5 Bxe5 17. f4 cxb5 18. fxe5 Qb6+ 19. Re3 Bf5 20. Rd6 Qc5
21. Rd5 Qc8 22. Qf4 Ne7 23. exf6 Nxd5 24. Nxd5 Qd7 25. fxg7+ Kxg7 26. Qe5+ Kh6
27. Rh3+ Bxh3 28. Qf6+ Kh5 29. Nf4+ Kg4 30. gxh3+ Kf3 31. Nd3+ Qf5 32. Qxf5+
Ke2 33. Qf2+ Kd1 34. Qe1+ Kxc2 35. Qc3+ Kb1 36. Qc1+ Kxa2 37. Nb4+ Kb3 38. Qc3+
Ka4 39. Qa3# 1-0

[Event "?"]
[Site "ICC 2 10 08/31/97, Internet C"]
[Date "1997.??.??"]
[Round "?"]
[White "Brause"]
[Black "bvp"]
[Result "1-0"]
[WhiteElo "2495"]
[BlackElo "1950"]
[PlyCount "53"]

1. e4 e5 2. Nf3 Nc6 3. Nc3 Nf6 4. Nxe5 Nxe5 5. d4 Ng6 6. e5 Ng8 7. Bc4 Bb4 8.
Qf3 Qe7 9. O-O Bxc3 10. bxc3 d5 11. Bxd5 Be6 12. Bxb7 Rb8 13. Bc6+ Bd7 14. Be4
Nh6 15. a4 Qe6 16. Bxh6 gxh6 17. Qe3 h5 18. f4 Qg4 19. f5 Nh4 20. Rf4 Qg5 21.
e6 Bxa4 22. exf7+ Kf8 23. Rxa4 Rb1+ 24. Kf2 Kg7 25. f6+ Kh6 26. Ra5 Qxa5 27.
Rg4+ 1-0

[Event "?"]
[Site "ICC 2 10 08/31/97, Internet C"]
[Date "1997.??.??"]
[Round "?"]
[White "Brause"]
[Black "xypher"]
[Result "1-0"]
[WhiteElo "2500"]
[BlackElo "2545"]
[PlyCount "39"]

1. e4 e5 2. Nf3 Nc6 3. Nc3 Nf6 4. Nxe5 Nxe5 5. d4 Nc6 6. d5 Nb8 7. e5 Ng8 8. d6
cxd6 9. exd6 Qf6 10. Nb5 Na6 11. Bc4 Qe5+ 12. Be3 Qe4 13. Qe2 Nf6 14. f3 Qe5
15. O-O-O g6 16. Qd2 Qh5 17. Qd4 Bg7 18. g4 Qc5 19. Qxc5 Nxc5 20. Nc7+ 1-0

[Event "?"]
[Site "ICC 2 10 09/03/97, Internet C"]
[Date "1997.??.??"]
[Round "?"]
[White "Brause"]
[Black "Tollo"]
[Result "1-0"]
[WhiteElo "2465"]
[BlackElo "2170"]
[PlyCount "161"]

1. e4 e5 2. Nf3 Nc6 3. Nc3 Nf6 4. Nxe5 Nxe5 5. d4 d6 6. dxe5 dxe5 7. Qxd8+ Kxd8
8. Bg5 Be6 9. Bxf6+ gxf6 10. O-O-O+ Kc8 11. Bd3 Bh6+ 12. Kb1 c6 13. Rhf1 Kc7
14. Rfe1 Rad8 15. Na4 Rhg8 16. Rg1 b6 17. Nc3 Bf8 18. Rdf1 Bc5 19. Ne2 a5 20.
Nc3 h6 21. h3 Rd7 22. g4 Rgd8 23. Rg3 Bb4 24. Ne2 Bd2 25. f4 Rd6 26. Rgf3 exf4
27. Rd1 Be3 28. Nxf4 Bd4 29. Rdf1 Be5 30. a3 c5 31. R1f2 Kc6 32. Nh5 c4 33. Be2
Rd2 34. Kc1 b5 35. Nxf6 b4 36. axb4 axb4 37. Nd5 Bxd5 38. exd5+ R8xd5 39. Rxf7
Kd6 40. Rf8 c3 41. Rd8+ Kc5 42. Rxd5+ Rxd5 43. bxc3 bxc3 44. Bd3 Kd4 45. Rf7
Ra5 46. Kb1 Ra4 47. Rb7 Ra5 48. Rb6 Bg7 49. h4 Re5 50. Rb4+ Ke3 51. Rb7 Bf6 52.
Rh7 Bxh4 53. Rxh6 Bg5 54. Rb6 Kf3 55. Bf5 Re2 56. Rc6 Bd2 57. Ka2 Kf4 58. Kb3
Re1 59. Kc4 Ra1 60. Kd5 Ra8 61. Ke6 Re8+ 62. Kf6 Rf8+ 63. Ke7 Rb8 64. Rc5 Rb6
65. Rd5 Rh6 66. Rb5 Be3 67. Rb4+ Kg5 68. Rc4 Bd2 69. Rc5 Kf4 70. Be6 Rh7+ 71.
Kf6 Rh6+ 72. Kf7 Rh7+ 73. Kg6 Rb7 74. g5 Be3 75. Rf5+ Kg3 76. Bd5 Re7 77. Kf6
Re8 78. Rf3+ Kh4 79. Rxe3 Rxe3 80. g6 Rg3 81. g7 1-0

[Event "?"]
[Site "ICC 2 10 09/03/97, Internet C"]
[Date "1997.??.??"]
[Round "?"]
[White "Brause"]
[Black "brit"]
[Result "1-0"]
[WhiteElo "2505"]
[BlackElo "2045"]
[PlyCount "31"]

1. e4 e5 2. Nf3 Nc6 3. Nc3 Nf6 4. Nxe5 Nxe5 5. d4 Ng6 6. e5 Ng8 7. Bc4 Bb4 8.
Qf3 f5 9. h4 d5 10. Bb3 Nxh4 11. Qg3 Ng6 12. Rxh7 Rxh7 13. Qxg6+ Kf8 14. Qxh7
Bxc3+ 15. bxc3 Be6 16. Ba3+ 1-0

[Event "?"]
[Site "ICC 2 12 09/10/97, Internet C"]
[Date "1997.??.??"]
[Round "?"]
[White "Brause"]
[Black "ELLI"]
[Result "1-0"]
[WhiteElo "2530"]
[BlackElo "2020"]
[PlyCount "49"]

1. e4 e5 2. Nf3 Nc6 3. Nc3 Nf6 4. Nxe5 Nxe5 5. d4 Ng6 6. e5 Ng8 7. Bc4 Bb4 8.
Qf3 Bxc3+ 9. bxc3 Qe7 10. O-O Nh6 11. g3 Ng8 12. a4 f6 13. Ba3 Qd8 14. Rae1 f5
15. Qxf5 Nh6 16. Qf6 Rf8 17. Qxg7 Rf5 18. Bd3 Qg5 19. Bxf5 Qxf5 20. Qxh6 Qf7
21. f4 b6 22. f5 Ne7 23. e6 dxe6 24. fxe6 Qg8 25. Qh5+ 1-0

[Event "?"]
[Site "ICC 2 12 09/10/97, Internet C"]
[Date "1997.??.??"]
[Round "?"]
[White "Brause"]
[Black "brit"]
[Result "1-0"]
[WhiteElo "2540"]
[BlackElo "2040"]
[PlyCount "72"]

1. e4 e5 2. Nf3 Nc6 3. Nc3 Nf6 4. Nxe5 Nxe5 5. d4 Ng6 6. e5 Ng8 7. Bc4 Bb4 8.
Qf3 f5 9. h4 d5 10. Qxd5 Qxd5 11. Bxd5 c6 12. Bf3 Be6 13. a3 Bxc3+ 14. bxc3 Bd5
15. Bxd5 cxd5 16. a4 Rc8 17. h5 Nf8 18. Bd2 Ne7 19. O-O Ne6 20. Rfb1 Rc7 21.
Rb5 Kf7 22. Rab1 Rb8 23. R1b2 g5 24. hxg6+ hxg6 25. g3 Ke8 26. R2b3 Kd7 27. Bc1
Nc8 28. Rxd5+ Ke8 29. Be3 Nb6 30. Ra5 Nc8 31. d5 Nf8 32. e6 b6 33. Bf4 bxa5 34.
Bxc7 Rxb3 35. cxb3 Ke7 36. Bxa5 Kd6 1-0

[Event "?"]
[Site "ICC 2 12 09/10/97, Internet C"]
[Date "1997.??.??"]
[Round "?"]
[White "Brause"]
[Black "sekere"]
[Result "1/2-1/2"]
[WhiteElo "2485"]
[BlackElo "2015"]
[PlyCount "239"]

1. e4 e5 2. Nf3 Nc6 3. Nc3 Nf6 4. Nxe5 Nxe5 5. d4 Ng6 6. e5 Ng8 7. Bc4 Bb4 8.
Qf3 Bxc3+ 9. bxc3 Qe7 10. O-O Nh6 11. g3 O-O 12. Qh5 d6 13. Bxh6 gxh6 14. f4
dxe5 15. f5 Qg5 16. Qxg5 hxg5 17. fxg6 hxg6 18. dxe5 Kg7 19. Kf2 Bh3 20. Rfb1
b6 21. Re1 Rad8 22. Rad1 Bg4 23. Rd4 Rxd4 24. cxd4 Bf5 25. Re2 Rd8 26. Ke3 Kf8
27. Rf2 Ke7 28. g4 Be6 29. Bxe6 Kxe6 30. Rf6+ Ke7 31. Ke4 Rh8 32. Rf2 Rh3 33.
c4 Rc3 34. Kd5 c6+ 35. Kxc6 Rxc4+ 36. Kd5 b5 37. Rb2 a6 38. Rf2 Rc3 39. Ke4 a5
40. Rg2 b4 41. d5 a4 42. d6+ Ke8 43. Kd4 Rf3 44. Rc2 b3 45. Rc8+ Kd7 46. Rc7+
Kd8 47. axb3 axb3 48. Rb7 Kc8 49. Rb5 Kd7 50. Ke4 Rc3 51. Rb7+ Ke8 52. Kd5 Re3
53. Kd4 Rf3 54. Kc4 Re3 55. Rxb3 Rxe5 56. Rb7 f5 57. h3 fxg4 58. Kd4 Rf5 59.
Re7+ Kd8 60. hxg4 Rf4+ 61. Ke5 Rxg4 62. Rg7 Rg1 63. Rxg6 Re1+ 64. Kd5 Rd1+ 65.
Ke5 Re1+ 66. Kd4 Kd7 67. Kd5 Rd1+ 68. Ke5 Re1+ 69. Kf5 Rf1+ 70. Kg4 Rd1 71. Kf3
Rxd6 72. Rxg5 Rd4 73. Ke3 Ra4 74. Rg6 Ke7 75. Rc6 Kd7 76. Rf6 Ke7 77. Rg6 Kf7
78. Rc6 Ke7 79. Rb6 Kd7 80. Kd3 Kc7 81. Rf6 Kd7 82. Rh6 Ke7 83. Rg6 Kf7 84. Rc6
Ke7 85. Rb6 Kd7 86. Kc3 Kc7 87. Rf6 Rh4 88. Kd3 Kd7 89. Rg6 Ke7 90. Rb6 Kd7 91.
Ra6 Kc7 92. Ke3 Kb7 93. Re6 Kc7 94. Rf6 Kd7 95. Rg6 Ke7 96. Rb6 Kd7 97. Ra6 Ke7
98. Kd3 Kd7 99. Kc3 Kc7 100. Re6 Kd7 101. Rg6 Ke7 102. Rc6 Kd7 103. Rb6 Kc7
104. Rf6 Kd7 105. Rf8 Kd6 106. Kd3 Ke5 107. Rf7 Rh3+ 108. Kc4 Rh4+ 109. Kc5 Ke6
110. Rb7 Rh1 111. Rb8 Rc1+ 112. Kd4 Rd1+ 113. Ke4 Re1+ 114. Kf4 Rf1+ 115. Ke3
Re1+ 116. Kf3 Rf1+ 117. Ke2 Rf7 118. Ke3 Re7 119. Rd8 Rd7 120. Rg8 1/2-1/2

[Event "?"]
[Site "ICC 2 12 10/09/97, Internet C"]
[Date "1997.??.??"]
[Round "?"]
[White "Brause"]
[Black "BigMater"]
[Result "1-0"]
[WhiteElo "2545"]
[BlackElo "1730"]
[PlyCount "33"]

1. e4 e5 2. Nf3 Nc6 3. Nc3 Nf6 4. Nxe5 Nxe5 5. d4 Ng6 6. e5 Ng8 7. Bc4 Bb4 8.
Qf3 Qe7 9. O-O Bxc3 10. bxc3 d6 11. Ba3 Be6 12. Qxb7 Rd8 13. Rfe1 Nh6 14. d5
Bc8 15. Qb5+ Bd7 16. exd6 Bxb5 17. Bxb5+ 1-0

[Event "?"]
[Site "ICC 2 12 10/09/97, Internet C"]
[Date "1997.??.??"]
[Round "?"]
[White "Brause"]
[Black "DrTarrasch"]
[Result "1-0"]
[WhiteElo "2510"]
[BlackElo "2125"]
[PlyCount "105"]

1. e4 e5 2. Nf3 Nc6 3. Nc3 Nf6 4. Nxe5 Nxe5 5. d4 Ng6 6. e5 Ng8 7. Bc4 Bb4 8.
Qf3 Qe7 9. O-O Bxc3 10. bxc3 Nh6 11. Rb1 O-O 12. Bxh6 gxh6 13. Qe3 d6 14. exd6
Qxd6 15. Qxh6 Be6 16. Bxe6 Qxe6 17. Rxb7 Qc6 18. Rb3 Rfe8 19. Qg5 Re2 20. h4
Kh8 21. Rfb1 Rg8 22. Rb8 Nf8 23. d5 Qd6 24. Qf5 Re5 25. Qxf7 Rxd5 26. Re1 Rd1
27. Rbe8 Rxe1+ 28. Rxe1 Ng6 29. Re8 Rxe8 30. Qxe8+ Kg7 31. Qa4 a6 32. Qg4 Kh8
33. g3 c5 34. f4 Ne7 35. Kf2 Qd2+ 36. Qe2 Qxe2+ 37. Kxe2 Nc8 38. g4 Kg7 39. Ke3
Nd6 40. h5 Kf6 41. Kd3 h6 42. Ke3 a5 43. Kd3 Ke6 44. g5 hxg5 45. fxg5 Kf5 46.
g6 Kf6 47. a4 Kg7 48. Ke3 Nc4+ 49. Kf4 Nb2 50. Kg5 Nxa4 51. h6+ Kh8 52. Kf6 Nb6
53. Kf7 1-0

[Event "?"]
[Site "ICC 2 12 10/09/97, Internet C"]
[Date "1997.??.??"]
[Round "?"]
[White "Brause"]
[Black "DrTarrasch"]
[Result "1/2-1/2"]
[WhiteElo "2545"]
[BlackElo "2150"]
[PlyCount "49"]

1. e4 e5 2. Nf3 Nc6 3. Nc3 Nf6 4. Nxe5 Nxe5 5. d4 Ng6 6. e5 Ng8 7. Bc4 Bb4 8.
Qf3 Qe7 9. O-O Bxc3 10. bxc3 Nh6 11. Re1 O-O 12. Bd3 d6 13. Bxh6 gxh6 14. exd6
Qxd6 15. Rab1 Rb8 16. a4 b6 17. a5 Bb7 18. Qh3 Kg7 19. axb6 axb6 20. f3 Rbe8
21. Be4 Bc8 22. Bf5 Bb7 23. Be4 Bc8 24. Bf5 Bb7 25. Be4 1/2-1/2

[Event "?"]
[Site "ICC 2 12 10/18/97, Internet C"]
[Date "1997.??.??"]
[Round "?"]
[White "Brause"]
[Black "Zevon"]
[Result "1-0"]
[WhiteElo "2670"]
[BlackElo "2545"]
[PlyCount "147"]

1. e4 e5 2. Nf3 Nc6 3. Nc3 Nf6 4. Nxe5 Nxe5 5. d4 Ng6 6. e5 Ng8 7. Bc4 Bb4 8.
Qf3 Bxc3+ 9. bxc3 f5 10. h4 N8e7 11. h5 Nf8 12. Qg3 Ne6 13. d5 f4 14. Qg4 O-O
15. dxe6 dxe6 16. Bxf4 Qd7 17. Rd1 Nd5 18. Bxd5 exd5 19. Qxd7 Bxd7 20. Be3 Be6
21. f4 Rae8 22. Kd2 b6 23. Rh4 Bf5 24. Bd4 Be4 25. g3 Kf7 26. Re1 Ke6 27. c4 c5
28. cxd5+ Kxd5 29. Be3 Rd8 30. Kc3 Bf3 31. a4 Rf5 32. g4 Rf7 33. f5 h6 34. Bxh6
gxh6 35. Rh3 Bxg4 36. Rd3+ Kc6 37. Rxd8 Rxf5 38. Rd6+ Kb7 39. Rxh6 Rxh5 40.
Rxh5 Bxh5 41. Kc4 Bg6 42. Kb3 Kc6 43. e6 Kd6 44. e7 Be8 45. c4 a6 46. Re2 Kd7
47. Re5 Kd6 48. Re1 Kd7 49. Re3 Bh5 50. a5 bxa5 51. Ka4 Bf7 52. Re5 Be8 53.
Kxa5 Kd6 54. Re3 Kd7 55. Kxa6 Kc6 56. Ka5 Kc7 57. Rd3 Bd7 58. Rxd7+ Kxd7 59.
Kb5 Kxe7 60. Kxc5 Kd7 61. Kb6 Kc8 62. c5 Kd7 63. c6+ Kd8 64. Kb7 Ke7 65. c7 Kf6
66. c8=Q Kg5 67. Qf8 Kg4 68. Kc6 Kg5 69. Kd5 Kg4 70. Ke4 Kg3 71. Qf3+ Kh4 72.
Qg2 Kh5 73. Kf5 Kh4 74. Qg4# 1-0